[Event "AUTO-INT-2227"]
[Site "http://www.queenalice.com/game.php?id=1021155"]
[Date "2012.1.30"]
[Round "1"]
[White "helderdinizcp"]
[Black "diego_flavio14"]
[Result "0-1"]
[WhiteElo "1611"]
[BlackElo "1676"]

1. e4 e5 2. Nf3 Bc5 3. Nxe5 Qh4 4. Qe2 Nf6 5. g3 Qxe4 6. Qxe4 Nxe4 7. Nd3 O-O 8.
Bg2 Re8 9. O-O Na6 10. Re1 d5 11. Nc3 c6 12. Bxe4 dxe4 13. Nxe4 Bh3 14. b3 f5
15. Nexc5 Nxc5 16. Rxe8+ Rxe8 17. Bb2 Nxd3 18. cxd3 Rd8 19. Re1 Rxd3 20. Re8+
Kf7 21. Re2 h5 22. f4 Rf3 23. Re1 h4 24. gxh4 Rxf4 25. Ba3 Rxh4 26. Re7+ Kg6 27.
Bb2 Rg4+ 28. Kh1 Kh6 29. Re8 Kh7 30. Re1 f4 31. Bd4 b6 32. Re2 f3 33. Rf2 Bg2+
34. Kg1 Rxd4 35. a4 Rd3 36. b4 Ra3 37. h4 Rxa4 38. Kh2 Rxb4 39. Kg3 Kh6 40. Rxf3
Bxf3 41. Kxf3 Rxh4 42. Ke3 g6 43. d4 a5 44. Kd3 b5 45. Kc3 Rh3+ 0-1

[Event "AUTO-OPEN-2617"]
[Site "http://www.queenalice.com/game.php?id=1032319"]
[Date "2012.2.23"]
[Round "1"]
[White "bongo"]
[Black "diego_flavio14"]
[Result "1-0"]
[WhiteElo "1975"]
[BlackElo "1674"]

1. e4 e5 2. Nf3 Nc6 3. Bb5 Nge7 4. O-O g6 5. c3 Bg7 6. d4 exd4 7. cxd4 O-O 8.
Nc3 d5 9. Bxc6 bxc6 10. Qa4 dxe4 11. Nxe4 Qd5 12. Bh6 Qxe4 13. Rfe1 Qg4 14. Bxg7
Kxg7 15. Rxe7 c5 16. Qc6 Bf5 17. Qxc5 Rfe8 18. Rae1 Rxe7 19. Rxe7 Rb8 20. Qxc7
Rf8 21. h3 Qh5 22. Ne5 Qd1+ 23. Kh2 Qxd4 24. Nxf7 Qxf2 25. Qe5+ 1-0

[Event "AUTO-OPEN-2617"]
[Site "http://www.queenalice.com/game.php?id=1032320"]
[Date "2012.2.23"]
[Round "1"]
[White "diego_flavio14"]
[Black "bongo"]
[Result "1-0"]
[WhiteElo "1654"]
[BlackElo "2005"]

1. e4 e5 2. Nc3 Nf6 3. Bc4 Nc6 4. Nf3 Bb4 5. a3 Bc5 6. d3 h6 7. O-O O-O 8. Nh4
Re8 9. Nf5 d6 10. Nd5 Bxf5 11. exf5 Rb8 12. b4 Bd4 13. Rb1 Ne7 14. Nxf6+ Kf8 15.
Nxe8 Qxe8 16. f6 Ng8 17. fxg7+ Ke7 18. Qg4 1-0

[Event "AUTO-OPEN-2617"]
[Site "http://www.queenalice.com/game.php?id=1032344"]
[Date "2012.2.23"]
[Round "1"]
[White "strutz"]
[Black "diego_flavio14"]
[Result "1-0"]
[WhiteElo "1500"]
[BlackElo "1642"]

1. e4 e5 2. Nf3 Nc6 3. d4 exd4 4. Nxd4 Nxd4 5. Qxd4 d6 6. Nc3 Nf6 7. Be2 Be7 8.
Bf4 O-O 9. O-O-O b6 10. g4 Bb7 11. g5 Nd7 12. h4 Nc5 13. Bg3 f5 14. Bd3 fxe4 15.
Bc4+ Kh8 16. Bd5 c6 17. Bxe4 Nxe4 18. Qxe4 d5 19. Qe6 Bc5 20. Rd2 Re8 21. Qg4
Re7 22. h5 Qf8 23. h6 Rae8 24. Nd1 Bc8 25. hxg7+ Qxg7 26. Qh4 Re4 27. f4 Ba3 28.
Rdh2 Bc5 29. Qxh7+ Qxh7 30. Rxh7+ Kg8 31. Rxa7 Bg4 32. Nc3 Re3 33. Bf2 Rxc3 34.
bxc3 Bxf2 35. Rf1 Re2 36. Rc7 Bh3 37. Rh1 Bg2 38. Rhh7 Be3+ 39. Kb2 Be4 40. Rhd7
Bc5 41. Rd8+ Bf8 42. Rcc8 Rxc2+ 43. Kb3 c5 44. Rxf8+ Kg7 45. Rf6 Rc1 46. Rc7+
Kg8 47. Rd6 c4+ 48. Ka4 b5+ 49. Kb4 Rb1+ 50. Kc5 1-0

[Event "AUTO-OPEN-2617"]
[Site "http://www.queenalice.com/game.php?id=1032345"]
[Date "2012.2.23"]
[Round "1"]
[White "diego_flavio14"]
[Black "denisan"]
[Result "1-0"]
[WhiteElo "1782"]
[BlackElo "2148"]

1. e4 c6 2. d4 d5 3. e5 Bf5 4. Nc3 e6 5. Nf3 Nd7 6. Bd3 Bxd3 7. Qxd3 Ne7 8. Bg5
h6 9. Be3 Nf5 10. Bd2 Be7 11. O-O h5 12. a3 g5 13. Ne1 Qb6 14. Nf3 g4 15. Na4
Qb5 16. Nc3 Qxd3 17. cxd3 gxf3 18. Be3 f6 19. gxf3 fxe5 20. dxe5 Rg8+ 21. Kh1 d4
22. Bf4 dxc3 23. bxc3 Nh4 24. Bg3 1-0

[Event "AUTO-OPEN-2617"]
[Site "http://www.queenalice.com/game.php?id=1032346"]
[Date "2012.2.23"]
[Round "1"]
[White "denisan"]
[Black "diego_flavio14"]
[Result "0-1"]
[WhiteElo "2171"]
[BlackElo "1752"]

1. b3 Nc6 2. Bb2 e5 3. c4 Bc5 4. e3 f5 5. Nf3 d6 6. d4 Bb6 7. dxe5 dxe5 8. Qxd8+
Kxd8 9. Nxe5 Nxe5 10. Bxe5 Nf6 11. Nc3 Ba5 12. O-O-O+ Bd7 13. Bxf6+ gxf6 14. Nd5
Rf8 15. b4 Bb6 16. c5 c6 17. Nf4 Bc7 18. Ne6+ Ke7 19. Nxf8 Rxf8 20. Rd4 Be5 21.
Rh4 Rf7 22. Kc2 b5 23. g3 Be6 0-1

[Event "Challenge"]
[Site "http://www.queenalice.com/game.php?id=1034280"]
[Date "2012.2.29"]
[Round "-"]
[White "Narciso"]
[Black "diego_flavio14"]
[Result "0-1"]
[WhiteElo "1438"]
[BlackElo "1689"]

1. d4 d5 2. e3 Nc6 3. Ne2 Nf6 4. Ng1 Bf5 5. Bd3 e6 6. Nc3 Bb4 7. a3 Bxc3+ 8.
bxc3 O-O 9. Nf3 a6 10. Rb1 b5 11. Ng5 Bxd3 12. Qxd3 Na5 13. f3 Nc4 14. Rf1 h6
15. Nh3 Qd6 16. g3 Nxa3 17. Bxa3 Qxa3 18. Ke2 Qa5 19. Ra1 Qb6 20. Nf4 c5 21. h3
c4 22. Qd2 a5 23. Ng6 fxg6 24. Rfb1 Nh5 25. Kf2 Qd6 26. f4 g5 27. Rxb5 gxf4 28.
Rbxa5 fxg3+ 29. Ke1 Rxa5 30. Rxa5 Qb6 31. Ra1 Qb2 32. Qd1 g2 33. Kd2 Rf2+ 34.
Ke1 g1=Q# 0-1

[Event "AUTO-OPEN-2657"]
[Site "http://www.queenalice.com/game.php?id=1048097"]
[Date "2012.4.12"]
[Round "1"]
[White "diego_flavio14"]
[Black "Esvir"]
[Result "1-0"]
[WhiteElo "1731"]
[BlackElo "1946"]

1. e4 e5 2. Nc3 Bc5 3. Be2 Nf6 4. Nf3 c6 5. Nxe5 d6 6. Nf3 Ng4 7. O-O O-O 8. d4
Bb6 9. Ng5 Qf6 10. Bxg4 Bxg4 11. Qxg4 Bxd4 12. Bd2 c5 13. Nd5 Qg6 14. Ne7+ 1-0

[Event "AUTO-OPEN-2657"]
[Site "http://www.queenalice.com/game.php?id=1048098"]
[Date "2012.4.12"]
[Round "1"]
[White "Esvir"]
[Black "diego_flavio14"]
[Result "1-0"]
[WhiteElo "1938"]
[BlackElo "1739"]

1. c4 e5 2. Nc3 Nf6 3. e4 Bb4 4. Nf3 Bxc3 5. bxc3 Nc6 6. d3 d6 7. Be2 Bd7 8. O-O
O-O 9. Bg5 a6 10. d4 b6 11. d5 Na7 12. c5 bxc5 13. Bxa6 Bb5 14. Bxb5 Nxb5 15. c4
Nc3 16. Qc2 Ncxe4 17. Bxf6 Nxf6 18. Ng5 Qd7 19. f4 Ng4 20. Qxh7# 1-0

[Event "AUTO-OPEN-2657"]
[Site "http://www.queenalice.com/game.php?id=1048099"]
[Date "2012.4.12"]
[Round "1"]
[White "diego_flavio14"]
[Black "subzila"]
[Result "1/2-1/2"]
[WhiteElo "1842"]
[BlackElo "1544"]

1. e4 e5 2. Nc3 Bc5 3. Nf3 Nc6 4. Bc4 Nf6 5. a3 O-O 6. d3 Nd4 7. Bg5 h6 8. Bxf6
Qxf6 9. Nxd4 Bxd4 10. O-O c6 11. Ne2 Bxb2 12. Ra2 Bd4 13. Nxd4 exd4 14. f4 a5
15. f5 b5 16. Qe2 bxc4 17. e5 Qg5 18. f6 g6 19. Raa1 cxd3 20. cxd3 Ba6 21. Rf3
Rfe8 22. Rg3 Qxe5 23. Qa2 Bxd3 24. Rxd3 Qxf6 25. Rf1 Qe6 26. Qf2 Re7 27. Rxd4
Rae8 28. Rd3 Qe2 29. Qxe2 Rxe2 30. Rxd7 R8e7 31. Rd8+ Kg7 32. Rc8 Ra2 33. Rxc6
Rxa3 34. h3 Ra7 35. Rcc1 a4 36. Ra1 Rb3 37. Ra2 a3 38. Rff2 Rab7 39. Kh2 Rb2 40.
Kg3 Rxf2 41. Rxf2 Rb2 42. Rf1 a2 43. Ra1 f5 44. h4 Kf6 45. Kh3 g5 46. hxg5+ hxg5
47. g3 Ke5 48. g4 f4 49. Rxa2 Rxa2 1/2-1/2

[Event "AUTO-OPEN-2657"]
[Site "http://www.queenalice.com/game.php?id=1048100"]
[Date "2012.4.12"]
[Round "1"]
[White "subzila"]
[Black "diego_flavio14"]
[Result "0-1"]
[WhiteElo "1555"]
[BlackElo "1756"]

1. e4 e5 2. Nf3 Nc6 3. Bc4 Be7 4. d4 exd4 5. O-O Bc5 6. Ng5 Ne5 7. Bb3 Nf6 8. f4
Neg4 9. Qxg4 Nxg4 10. Nxf7 Qh4 11. h3 d3+ 12. Kh1 dxc2 13. Nd2 Rf8 14. Ng5 Nf2+
15. Rxf2 Qxf2 16. Ndf3 h6 0-1

[Event "AUTO-OPEN-2657"]
[Site "http://www.queenalice.com/game.php?id=1048101"]
[Date "2012.4.12"]
[Round "1"]
[White "diego_flavio14"]
[Black "valdiluis"]
[Result "0-1"]
[WhiteElo "1821"]
[BlackElo "1965"]

1. e4 e5 2. Nc3 d6 3. a3 Nc6 4. Bc4 Nf6 5. d3 Be7 6. Nf3 Bg4 7. Be3 Qd7 8. O-O
O-O 9. Qe2 Nh5 10. Nd5 Kh8 11. Nxe7 Qxe7 12. c3 f5 13. exf5 Rxf5 14. Bd5 Raf8
15. Be4 Bxf3 16. Bxf3 Nf4 17. Bxf4 Rxf4 18. Qe3 Nd8 19. Bd5 c6 20. Ba2 Qf6 21.
f3 g5 22. Qxa7 g4 23. Qe3 gxf3 24. Rxf3 Rxf3 25. gxf3 Qxf3 26. Re1 c5 27. Qxf3
Rxf3 28. Bb1 Ne6 29. Kg2 Rf6 30. Kg3 Kg7 31. h4 h5 32. Ba2 Rg6+ 33. Kh2 Nf4 34.
Re3 Rg2+ 35. Kh1 b5 36. Bb3 Rxb2 37. Bd1 Rb1 38. Rg3+ Kf6 39. Rg1 Nxd3 40. Rf1+
Ke7 41. Be2 Rxf1+ 42. Bxf1 c4 43. Be2 Nf4 44. Bf3 Kd7 45. Be4 d5 46. Bf5+ Kd6
47. Kh2 d4 48. cxd4 exd4 49. Kg3 Ke5 50. Bh7 d3 51. Kf3 c3 52. Ke3 c2 53. Kd2
Ne2 54. Bxd3 c1=Q+ 55. Kxe2 Qxa3 56. Bg6 Kd4 57. Bxh5 Qe3+ 58. Kf1 Qd2 59. Bg4
Ke3 60. Kg1 Qf2+ 61. Kh1 Qg3 62. h5 Kf2 0-1

[Event "AUTO-OPEN-2657"]
[Site "http://www.queenalice.com/game.php?id=1048102"]
[Date "2012.4.12"]
[Round "1"]
[White "valdiluis"]
[Black "diego_flavio14"]
[Result "1-0"]
[WhiteElo "1870"]
[BlackElo "1764"]

1. e4 e5 2. f4 Nc6 3. Nf3 d6 4. d4 exd4 5. Nxd4 Nxd4 6. Qxd4 c5 7. Qe3 Nf6 8.
Bb5+ Bd7 9. Bxd7+ Qxd7 10. O-O Be7 11. e5 Ng4 12. Qg3 O-O 13. f5 Nxe5 14. f6
Bxf6 15. Rxf6 Rfe8 16. Bh6 Ng4 17. h3 gxf6 18. hxg4 Qe6 19. Nc3 Qc4 20. Rf1 Qd4+
21. Kh1 a6 22. Rd1 Qb4 23. Qxd6 Qxg4 24. Qxf6 Qh5+ 25. Kg1 Qg6 26. Qxg6+ hxg6
27. Rd7 b6 28. Nd5 Red8 29. Nf6+ Kh8 30. Rxf7 Rd2 31. Rh7# 1-0

[Event "AUTO-OPEN-2671"]
[Site "http://www.queenalice.com/game.php?id=1053625"]
[Date "2012.4.28"]
[Round "1"]
[White "Modaste"]
[Black "diego_flavio14"]
[Result "1-0"]
[WhiteElo "2115"]
[BlackElo "1825"]

1. d4 d5 2. Nf3 Nf6 3. g3 Bf5 4. Bg2 Be4 5. O-O h6 6. Nbd2 Nc6 7. c3 e6 8. Nxe4
Nxe4 9. Nd2 Nxd2 10. Bxd2 Qf6 11. b4 a6 12. e4 dxe4 13. Bxe4 Bd6 14. f4 O-O-O
15. Qf3 Kd7 16. a4 g6 17. b5 axb5 18. axb5 Nb8 19. Bxb7 Qf5 20. Bc6+ Nxc6 21.
Qxc6+ Ke7 22. Ra7 Rd7 23. b6 Qd5 24. Qxd5 exd5 25. Re1+ Kf6 26. c4 dxc4 27. Bc3
Kg7 28. d5+ f6 29. Bd4 Rhd8 30. Re6 Rf7 31. b7 Rff8 32. Bxf6+ Rxf6 33. Rxf6 Bc5+
34. Kg2 Bxa7 35. Re6 Kf7 36. Rc6 Rb8 37. Rxc7+ Kf6 38. Kf3 c3 39. Rxc3 Rxb7 40.
Rc6+ Kf7 41. h4 Rd7 42. Ke4 Bf2 43. Rc3 Re7+ 44. Kf3 Bd4 45. Rd3 Bc5 46. g4 Rd7
47. Ke4 Kf6 48. g5+ hxg5 49. hxg5+ Ke7 50. Rh3 Rd6 51. Rh7+ Kd8 52. Ke5 Ba3 53.
Ra7 Bb4 54. Rb7 Ba3 55. Rb3 Bc5 56. Rb5 Ba3 57. Rb3 Bc5 58. Rh3 Ke7 59. Rh7+ Kd8
60. Rf7 Ke8 61. Rf6 Rxf6 62. Kxf6 Bd4+ 63. Kxg6 Ke7 64. f5 Kd6 65. f6 Kxd5 66.
f7 Bc5 67. Kg7 Ke6 68. g6 Kf5 69. Kh7 Kf6 70. g7 1-0

[Event "AUTO-OPEN-2671"]
[Site "http://www.queenalice.com/game.php?id=1053626"]
[Date "2012.4.28"]
[Round "1"]
[White "diego_flavio14"]
[Black "Modaste"]
[Result "1/2-1/2"]
[WhiteElo "1816"]
[BlackElo "2049"]

1. e4 e5 2. Nc3 Bc5 3. Nf3 d6 4. Bc4 Ne7 5. a3 O-O 6. d3 h6 7. b4 Bb6 8. Bb2 Kh7
9. a4 a5 10. b5 f5 11. O-O fxe4 12. dxe4 Bg4 13. Be2 Nd7 14. Nh4 Bxe2 15. Qxe2
Ng6 16. Nxg6 Kxg6 17. Nd5 Bc5 18. Qg4+ Kh7 19. Bc1 Nf6 20. Qf5+ g6 21. Nxf6+
Qxf6 22. Qxf6 Rxf6 23. Be3 Bxe3 24. fxe3 Raf8 25. h3 Rxf1+ 26. Rxf1 Rxf1+ 27.
Kxf1 Kg7 28. Kf2 Kf6 29. Kf3 c6 30. c4 cxb5 31. cxb5 b6 32. Ke2 Kg5 33. g3 h5
34. Kd3 h4 35. g4 Kf6 36. Kc4 Ke6 37. g5 Ke7 38. Kd5 Kd7 39. Kc4 Ke6 40. Kc3 d5
41. Kd3 dxe4+ 42. Kxe4 Kd6 43. Kd3 Kc5 44. Kc3 e4 45. Kb3 Kd5 46. Kc3 Kc5 47.
Kb3 Kd6 48. Kc4 Ke5 49. Kc3 Kd5 1/2-1/2

[Event "AUTO-OPEN-2671"]
[Site "http://www.queenalice.com/game.php?id=1053659"]
[Date "2012.4.28"]
[Round "1"]
[White "amattar"]
[Black "diego_flavio14"]
[Result "1/2-1/2"]
[WhiteElo "1826"]
[BlackElo "1830"]

1. d4 d5 2. c4 Nf6 3. Nf3 Bf5 4. Nc3 Nc6 5. e3 dxc4 6. Bxc4 h6 7. O-O e6 8. Re1
Bb4 9. a3 Bxc3 10. bxc3 Ne4 11. Bd3 Nxc3 12. Qc2 Bxd3 13. Qxd3 Nd5 14. Bb2 a6
15. e4 Nf4 16. Qe3 Ng6 17. e5 O-O 18. Nd2 Na5 19. Rac1 b6 20. Rc2 Ne7 21. Rec1
c6 22. f4 Rc8 23. Kf2 Nd5 24. Qg3 Ne7 25. Ne4 Kh8 26. Nd6 Rc7 27. Qf3 Nd5 28. g3
f5 29. Kg2 Qd7 30. Bc3 Nb7 31. Bb4 Nxb4 32. axb4 Nxd6 33. exd6 Qxd6 34. Rxc6
Rxc6 35. Rxc6 Qxd4 36. Rxe6 Qxb4 37. Qc6 Qb2+ 38. Kh3 a5 39. Qxb6 Qa1 40. Qc5
Qf1+ 41. Kh4 Rf7 42. Qc8+ Kh7 43. Qc2 g5+ 44. fxg5 hxg5+ 45. Kxg5 Qh3 46. Qe2
Rg7+ 47. Kf4 Rg4+ 48. Kf3 Qh5 49. Re7+ Kg8 50. Qe6+ Kf8 51. Qf6+ Kg8 52. Qe6+
Kf8 53. Qf6+ 1/2-1/2

[Event "AUTO-OPEN-2671"]
[Site "http://www.queenalice.com/game.php?id=1053660"]
[Date "2012.4.28"]
[Round "1"]
[White "diego_flavio14"]
[Black "amattar"]
[Result "1-0"]
[WhiteElo "1811"]
[BlackElo "1922"]

1. e4 c6 2. d4 d5 3. e5 Bf5 4. Nf3 e6 5. Nc3 Bb4 6. Bd2 Ne7 7. Be2 h6 8. O-O Nd7
9. a3 Ba5 10. Nh4 Qb6 11. b4 Bxb4 12. axb4 Qxb4 13. Nf3 Qb6 14. Na4 Qc7 15. c3
O-O 16. Nh4 Bh7 17. f4 Nf5 18. Nxf5 Bxf5 19. Be3 b6 20. Bd3 c5 21. Bxf5 exf5 22.
Qh5 cxd4 23. cxd4 Qc2 24. Rfc1 Qe4 25. Qh3 Rfc8 26. Nc3 Qd3 27. Nxd5 Rxc1+ 28.
Rxc1 Nf8 29. Ne7+ Kh7 30. Qxf5+ Qxf5 31. Nxf5 g6 32. Ne7 Kg7 33. Rc8 Rxc8 34.
Nxc8 1-0

[Event "Challenge"]
[Site "http://www.queenalice.com/game.php?id=1065633"]
[Date "2012.5.29"]
[Round "-"]
[White "diego_flavio14"]
[Black "plot24"]
[Result "1-0"]
[WhiteElo "1831"]
[BlackElo "1700"]

1. e4 e5 2. Nc3 d6 3. Bc4 Nd7 4. Nf3 c6 5. a3 Ngf6 6. d3 Be7 7. Ng5 O-O 8. O-O
Qb6 9. Kh1 h6 10. Nf3 a5 11. Rb1 a4 12. Be3 Qc7 13. Nh4 Nb6 14. Ba2 Nxe4 15.
dxe4 Bxh4 16. f4 exf4 17. Bxf4 Nd7 18. Bxd6 Qa5 19. Bxf8 Nxf8 20. Bxf7+ Kh8 21.
Qd6 1-0

[Event "AUTO-INT-2227"]
[Site "http://www.queenalice.com/game.php?id=1074554"]
[Date "2012.6.21"]
[Round "2"]
[White "LeandroMontalvao"]
[Black "diego_flavio14"]
[Result "1-0"]
[WhiteElo "1906"]
[BlackElo "1819"]

1. e4 e5 2. Nf3 Nc6 3. Bc4 Be7 4. O-O Nf6 5. Re1 d6 6. c3 Bd7 7. d4 exd4 8. cxd4
O-O 9. Nc3 Bg4 10. d5 Ne5 11. Be2 Bxf3 12. Bxf3 a6 13. h3 b6 14. Be3 Nc4 15. b3
Nxe3 16. Rxe3 Nd7 17. Qd2 Bg5 18. g4 Nc5 19. Be2 1-0

[Event "AUTO-INT-2227"]
[Site "http://www.queenalice.com/game.php?id=1074555"]
[Date "2012.6.21"]
[Round "2"]
[White "diego_flavio14"]
[Black "LeandroMontalvao"]
[Result "0-1"]
[WhiteElo "1806"]
[BlackElo "1919"]

1. e4 e6 2. d4 d5 3. e5 c5 4. Nf3 Nc6 5. Be3 Qb6 6. b3 Nge7 7. dxc5 Qc7 8. Nc3
Nxe5 9. Nxe5 Qxe5 10. Nb5 a6 11. Nd6+ Kd8 12. Nxf7+ Kc7 13. Nxe5 g6 14. Bf4 Rg8
15. Qd4 Bg7 16. O-O-O Nf5 17. Qa4 Kd8 18. Qa5+ Ke7 19. Bg5+ Bf6 20. Qc7+ Bd7 0-1

[Event "AUTO-INT-2227"]
[Site "http://www.queenalice.com/game.php?id=1074556"]
[Date "2012.6.21"]
[Round "2"]
[White "lawyerplayer"]
[Black "diego_flavio14"]
[Result "1-0"]
[WhiteElo "2092"]
[BlackElo "1830"]

1. d4 d5 2. g3 Nf6 3. Bg2 Bf5 4. Bg5 Nbd7 5. Nf3 Ne4 6. O-O Nxg5 7. Nxg5 h6 8.
Nf3 e6 9. Nbd2 Bd6 10. c4 c5 11. cxd5 cxd4 12. dxe6 fxe6 13. Nxd4 Rb8 14. e4 Bh7
15. Nxe6 Qf6 16. Qg4 Bg6 17. Nc4 Be7 18. e5 Qf7 19. Bd5 h5 20. Nc7+ Kd8 21. Bxf7
1-0

[Event "AUTO-INT-2227"]
[Site "http://www.queenalice.com/game.php?id=1074557"]
[Date "2012.6.21"]
[Round "2"]
[White "diego_flavio14"]
[Black "lawyerplayer"]
[Result "0-1"]
[WhiteElo "1824"]
[BlackElo "2111"]

1. e4 c5 2. Bc4 a6 3. Nc3 b5 4. Bd5 Ra7 5. d4 c4 6. Bf4 Nc6 7. Nf3 Nf6 8. e5
Nxd5 9. Nxd5 e6 10. Nc3 d5 11. a3 Be7 12. O-O O-O 13. h3 b4 14. axb4 Nxb4 15.
Na4 Bd7 16. Bd2 a5 17. Ne1 Qc7 18. c3 Nc6 19. Nf3 Rb8 20. Qc2 Rab7 21. Bg5 g6
22. Rfb1 Bxg5 23. Nxg5 Ne7 24. Nc5 Ra7 25. Qe2 h6 26. Nf3 a4 27. Ra3 Bb5 28. g4
Nc6 29. Qe3 Kg7 30. h4 Na5 31. h5 Nb3 32. Nxb3 cxb3 33. hxg6 fxg6 34. Kg2 Rf8
35. Rh1 Rh8 36. Ng1 Raa8 37. Nh3 Raf8 0-1